Illangaiyil Poruladarach Seerthiruththangal (Economic Reforms in Sri Lanka) (Record no. 2262)

MARC details
000 -LEADER
fixed length control field 012490000a22002650004500
003 - CONTROL NUMBER IDENTIFIER
control field LK-CoMWRAF
008 - FIXED-LENGTH DATA ELEMENTS--GENERAL INFORMATION
fixed length control field 230817t ||||| |||| 00| 0 eng d
020 ## - INTERNATIONAL STANDARD BOOK NUMBER
International Standard Book Number 9555801079
040 ## - CATALOGING SOURCE
Original cataloging agency LK-CoMWRAF
Modifying agency LK-CoMWRAF
Description conventions LK-CoMWRAF
041 ## - LANGUAGE CODE
Language code of text/sound track or separate title English
082 ## - DEWEY DECIMAL CLASSIFICATION NUMBER
Classification number 770
Item number BAL
942 ## - ADDED ENTRY ELEMENTS (KOHA)
Koha item type Books
700 ## - ADDED ENTRY--PERSONAL NAME
Personal name Sarvananthan,, Muttukrishna
Relator Term editor
245 ## - TITLE STATEMENT
Title Illangaiyil Poruladarach Seerthiruththangal (Economic Reforms in Sri Lanka)
Remainder of title 1977 Pinnana Kaalam (Post - 1977 Period)
260 ## - PUBLICATION, DISTRIBUTION, ETC. (IMPRINT)
Name of publisher, distributor, etc. ICES (International Centre for Ethnic Studies)
Place of publication, distribution, etc. Colombo 08 (Sri Lanka)
Date of publication, distribution, etc. 2006
300 ## - PHYSICAL DESCRIPTION
Extent p.378
650 ## - SUBJECT ADDED ENTRY--TOPICAL TERM
Topical term or geographic name as entry element Essence and Direction of Public Administration Reforms (Lloyd Fernando)
650 ## - SUBJECT ADDED ENTRY--TOPICAL TERM
Topical term or geographic name as entry element Evolution of Anti-Poverty Programmes (Hasitha Wickremasinghe)
650 ## - SUBJECT ADDED ENTRY--TOPICAL TERM
Topical term or geographic name as entry element Financial Sector Reforms (Shanaka Jayanath Peiris)
650 ## - SUBJECT ADDED ENTRY--TOPICAL TERM
Topical term or geographic name as entry element Labour market Reforms (Shyamali Ranaraja)
650 ## - SUBJECT ADDED ENTRY--TOPICAL TERM
Topical term or geographic name as entry element Macroeconomic overview (Muttukrishna Sarvananthan)
650 ## - SUBJECT ADDED ENTRY--TOPICAL TERM
Topical term or geographic name as entry element Migration of Women as Domestic workers: Impact on Gender Relations and Ideology (Shreen Saroor)
650 ## - SUBJECT ADDED ENTRY--TOPICAL TERM
Topical term or geographic name as entry element Reform Agenda and Challenges for Poverty Alleviation Programmes (Kalinga Tudor Silva, Myriam Fernando)
650 ## - SUBJECT ADDED ENTRY--TOPICAL TERM
Topical term or geographic name as entry element Stepping into a new Economic Era: Gender blind again? (Ramani Jayasundere)
Holdings
Withdrawn status Lost status Damaged status Not for loan Permanent Location Current Location Date acquired Full call number Barcode Koha item type
        Resource center, Muslim Women's Research And Action Forum Resource center, Muslim Women's Research And Action Forum 2023-08-17 770 BAL RAF4462 Books

Copyright © 2023 Muslim Women's Research and Action Forum (MWRAF), No 27/3, Anderson Road, Kalubowila, Dehiwela. Funded by The Asia Fundation